| 000 | 01183cam a2200373 i 4500 | ||
|---|---|---|---|
| 001 | 5664 | ||
| 003 | FISKH | ||
| 005 | 20250117090620.0 | ||
| 008 | 130214t20132013dcua j 000 0 eng | ||
| 010 | _a 2012039729 | ||
| 020 | _a9781426311062 (pbk. : alk. paper) | ||
| 020 | _a1426311060 (pbk. : alk. paper) | ||
| 020 | _a9781426311079 (library edition : alk. paper) | ||
| 020 | _a9780545656924 | ||
| 020 | _a1426311079 (library edition : alk. paper) | ||
| 040 |
_aDLC _beng _cDLC _erda _dDLC |
||
| 042 | _apcc | ||
| 050 | _aQL737.P9 | ||
| 082 | _a599.8 | ||
| 100 | 1 | _aSchreiber, Anne. | |
| 245 | 1 | 0 |
_aMonkeys / _cAnne Schreiber. |
| 260 |
_aWashington : _bNational Geographic, _c[2013 |
||
| 300 |
_a32 pages : _bcolor illustrations ; _c23 cm |
||
| 490 | 0 | _aNational Geographic readers. Level 2 | |
| 490 | 0 | _aNational Geographic kids | |
| 505 | _aN | ||
| 520 | _aLearn about monkeys including details regarding their behavior, families, and environment. | ||
| 521 | 8 |
_a590
_bLexile |
|
| 521 | 8 |
_aN
_bRaz-Plus |
|
| 650 | 0 |
_aMonkeys _vJuvenile literature. |
|
| 906 |
_a7 _bcbc _corignew _d1 _eecip _f20 _gy-gencatlg |
||
| 942 |
_2ddc _cBK _n0 |
||
| 999 |
_c5664 _d5664 |
||